| 000 | 00000nam 2200000za 4500 |
| 001 | 9.643731 |
| 003 | CaOODSP |
| 005 | 20230504083947 |
| 007 | cr ||||||||||| |
| 008 | 150407|2014||||xxc|||||o f|0| 0 fre d |
| 020 | |a978-0-660-22604-0 |
| 040 | |aCaOODSP|bfre |
| 043 | |an-cn--- |
| 086 | 1 |aEn4-106/2014F-PDF |
| 110 | 1 |aCanada. |bEnvironnement Canada. |
| 245 | 10|aAvis aux chasseurs - le Garrot d'Islande : |h[ressource électronique]|bsachez le reconnaître! |
| 260 | |aGatineau - Québec : |bEnvironnement Canada |cc2014. |
| 300 | |a2p.|bill., cartes, photographies |
| 590 | |a15-10|b2015-03-06 |
| 691 | 07|aEspèce menacée|2gcpds |
| 775 | 08|tWarning to hunters - the Barrow's Goldeneye : |w(CaOODSP)9.699753 |
| 776 | 0#|tAvis aux chasseurs - le Garrot d'Islande : |w(CaOODSP)9.685736 |
| 795 | |tAvis aux chasseurs - le Garrot d'Islande : |w(CaOODSP)9.642911 |
| 856 | 40|ahttp://publications.gc.ca|qPDF|s733 Ko|uhttps://publications.gc.ca/collections/collection_2015/ec/En4-106-2014-fra.pdf |